| 000 | 00749nam a22002057a 4500 | ||
|---|---|---|---|
| 999 |
_c10888 _d10888 |
||
| 003 | AR-CdUCM | ||
| 008 | 190402b ||||| |||| 00| 0 spa d | ||
| 040 |
_aMUNICIPALIDAD PROVINCIAL DEL CUSCO _cBIBLIOTECA MUNICIPAL DEL CUSCO |
||
| 082 |
_22 ed. _a709.03 / _bF39 / 1952 |
||
| 100 |
_aFerrero, Raul _93683 |
||
| 245 |
_aRenacimiento y barroco : _bHistoria parcial del arte europeo en la edad moderna / |
||
| 260 |
_aLima : _c1952. |
||
| 300 |
_a199 paginas ; _c20 cm. |
||
| 505 | _aContenido : La cultura del renacimiento -- Orígenes del renacimiento -- El primer renacimiento -- El renacimiento clásico ... | ||
| 650 |
_aRenacimiento _95449 |
||
| 650 |
_aOrígenes _923017 |
||
| 650 |
_aBarroco _98101 |
||
| 942 |
_2ddc _cLIBROS |
||
| 945 | _arah | ||